Fixing men sex, birth control, and aids in Mexico (Registro nro. 182328)

Detalles MARC
000 -ENCABEZADO
Número de control [NR] 00923nam a22002417a 4500
005 - FECHA Y HORA DE LA ÚLTIMA TRANSACCIÓN
control field 20140903174948.0
008 - DE LONGITUD FIJA DE DATOS DE ELEMENTOS - INFORMACIÓN GENERAL
Elementos de longitud fija [NR] 131107s2007 xxua frn 001 0 eng d
020 ## - NUMERO INTERNACIONAL NORMALIZADO PARA LIBROS [R]
Número Internacional Normalizado del libro [NR] 9780520252622
020 ## - NUMERO INTERNACIONAL NORMALIZADO PARA LIBROS [R]
Número Internacional Normalizado del libro [NR] 9780520253308
040 ## - FUENTE DE CATALOGACION [NR]
Agencia de catalogación original [NR] CO-BoUCM
Idioma de catalogación [NR] spa
Quien Cataloga Jose A. Gerena (modificó)
Quien Clasifica Aldemar Mondragón
041 00 - CODIGO DE IDIOMA [R]
Código de idioma para texto/pista de sonido o título separado [R] Inglés
100 1# - ASIENTO PRINCIPAL--NOMBRE PERSONAL [NR]
Nombre personal [NR] Gutmann, Matthew
ID Autoridad 50008
245 10 - MENCION DE TITULO [NR]
Título [NR] Fixing men sex, birth control, and aids in Mexico
Mención de responsabilidad, etc. [NR] Matthew Gutmann
260 ## - PUBLICACION, DISTRIBUCION, ETC. (PIE DE IMPRENTA) [R]
Lugar de publicación, distribución, etc. [R] Los Angeles (California, Estados Unidos)
Nombre del editor, distribuidor, etc. [R] University of California Press
Fecha de publicación, distribución, etc. [R] 2007
300 ## - DESCRIPCION FISICA [R]
Extensión [R] xiv, 265 páginas
Otros detalles físicos [NR] ilustraciones
504 ## - NOTA DE BIBLIOGRAFIA, ETC. [R]
Nota de bibliografía, etc. [NR] Incluye referencias bibliográficas e índices
650 #7 - ASIENTO SECUNDARIO DE MATERIA - TERMINO TEMATICO [R]
Término temático o nombre geográfico como elemento de entrada [NR] Costumbres sexuales
Subdivisión geográfica [R] México
9 (RLIN) 50994
650 #7 - ASIENTO SECUNDARIO DE MATERIA - TERMINO TEMATICO [R]
Término temático o nombre geográfico como elemento de entrada [NR] Sexo
Subdivisión general [R] Opinión pública
Subdivisión geográfica [R] México
9 (RLIN) 50993
651 #4 - ASIENTO SECUNDARIO DE MATERIA - NOMBRE GEOGRAFICO [R]
Nombre geográfico [NR] México
Subdivisión general [R] Opinión pública
9 (RLIN) 50995
690 ## - ASUNTO AGREGADO LOCAL DE ENTRADA - TÉRMINO TEMÁTICO (OCLC, RLIN)
9 (RLIN) 42914
Acceso temático local Sociología
942 ## - ELEMENTOS DE ENTRADA AGREGADOS (KOHA)
Tema principal Sociología
Tipo de ítem principal el descrito en 300a Libro
Edición 1
Parte restante de la signatura top. G984f
Sistema de clasificación DEWEY
Clasificación 306.7081
Existencias
Fecha de último préstamo Total préstamos Total Renewals Signatura topográfica Código de barras Última vez visto Ejemplar Costo de reposición Price effective from Tipo de ítem Nota pública (OPAC) Perdido Sistema de clasificación Dañado No prestable Tipo de ítem específico Suprimido Ubicación habitual Ubicación actual Localización Fecha de creación Proveedor Forma de adquisición Costo
23/04/2014 1 9 306.7081 G984f 200026389 03/12/2025 Ej.2 53450.00 11/04/2014 Libro Spot Estudios de Género   DEWEY     Libro   Claustro Claustro 3er piso - Research commons 11/04/2014 15 Compra 53450.00